000 00863nam a22002417a 4500
003 UA-OsUOA
001 51302
007 ta
008 20140901b un ||||| |||| 00| 0 ukr d
100 _aЧавс П.
090 _a82-94
_bЧ-12
942 _cBK
040 _aUA-OsUOA
_bukr
_cUA-OsUOA
_dUA-OsUOA
245 _aУ вирі життя та Мостищина і Судововишенщина
300 _a376 с.
955 _a1
041 _aukr
080 _a82-94
260 _aСтемфорд
_bВидання Дієцізального музею і бібліотеки Української католицької єпархії
_c1976
650 7 _a82 Література. Літературознавство
_2UDC
999 _c431430
_d431430